| 000 | 00326nam a22001217a 4500 | ||
|---|---|---|---|
| 082 | _a338.0954 GAD | ||
| 100 | _aGadgil, D R. | ||
| 245 | _aThe industrial evolution of india in recent times 1860 - 1939 | ||
| 260 |
_aDelhi _bOxford university _c1971 |
||
| 300 |
_avi, 362p. _bill, 23cm. |
||
| 500 | _aInclude index | ||
| 942 | _cBK | ||
| 999 |
_c14012 _d14012 |
||